MARC

LEADER 00000nam0a2200000 4500
001 288655
005 20231102000117.0
020 |a RU  |b 85-81820 
035 |a (RuTPU)RU\TPU\book\313134 
090 |a 288655 
100 |a 20150326d1985 k y0rusy5003 ca 
101 0 |a rus 
102 |a UZ 
105 |a a z 001zy 
200 1 |a Теплофизика технологических процессов  |e сборник научных трудов  |f Ташкентский политехнический институт им. А. Б. Беруни (ТашПИ) ; под ред. М. Т. Балабекова 
210 |a Ташкент  |c Изд-во ТашПИ  |d 1985 
215 |a 98 с.  |c ил. 
320 |a Библиография в конце статей 
606 1 |a Механическая обработка  |x Технологические процессы  |x Документы  |2 stltpush  |3 (RuTPU)RU\TPU\subj\71336  |9 85293 
610 1 |a теплотехника 
610 1 |a машиностроение 
610 1 |a тепловые процессы 
610 1 |a прогрессивные технологии 
610 1 |a термическая обработка 
610 1 |a износоустойчивость 
610 1 |a детали 
610 1 |a узлы 
610 1 |a резание 
610 1 |a сборка 
610 1 |a контроль 
675 |a 621.91  |v 3 
702 1 |a Балабеков  |b М. Т.  |4 340 
712 0 2 |a Ташкентский политехнический институт им. А. Б. Беруни (ТашПИ)  |2 stltpush  |3 (RuTPU)RU\TPU\col\6741 
801 0 |a RU  |b RuMRKP  |c 19950704  |g psbo 
801 1 |a RU  |b 63413507  |c 20150326 
801 2 |a RU  |b 63413507  |c 20180126  |g RCR 
942 |c BK